| 000 | 00801nam a2200205 a 4500 | ||
|---|---|---|---|
| 003 | 0 | ||
| 005 | 20250315091037.0 | ||
| 008 | 071127s19uu xx 00 eng d | ||
| 050 |
_aPGS LB 1065.F75 _b.P232 2007 |
||
| 100 | _aParis, Louise Jillian G. | ||
| 245 |
_aThe effects of friendship on motivation to study / _cLouise Jillain G. Paris. |
||
| 260 |
_aLas PiƱas City, Philippines : _bSouthville International School and Colleges, _c2007. |
||
| 300 |
_a36 pages : _billustrations ; _c28 cm. |
||
| 504 | _aIncludes bibliographical references. | ||
| 650 |
_aFriendship in children _vEducational aspects. |
||
| 650 |
_aMotivation in education _vInfluences. |
||
| 650 | _aPeer relationships and academic achievement. | ||
| 650 | _aSocial influences on student motivation. | ||
| 942 |
_2lcc _cPASS |
||
| 999 |
_c97755 _d97755 |
||